The Walking Dead Season 10 Characters - Statistics

General Stats
  • This quiz has been taken 34 times
  • The average score is 7 of 9
Answer Stats
Hint Answer % Correct
Wife of Negan which he named his baseball bat after Lucille
100%
Son of Maggie and Glenn Hershel Rhee
97%
Pet of the above and later pet of Daryl Dog
90%
Love interest of Daryl and a member of the Reapers Leah Shaw
86%
Alexandria's new doctor who turns out to be a Whisperer Dante
76%
Mysterious masked man who is a friend of Maggie Elijah
72%
Whisperer who is very protective of Alpha Gamma
72%
Lonely woman who lived in Atlanta helps the group to get to the Commonwealth Princess
69%
Survivor who seeks Michonne's help to find his family Virgil
55%
No matching quizzes found
Score Distribution
Percent of People with Each Score
Percentile by Number Answered
Your Score History
You have not taken this quiz